Příspěvky k dějinám KSČ. 10/1960.

Uložené v:
Podrobná bibliografia
Médium: Kniha
Jazyk:Czech
Vydané: Praha : Státní nakladatelství politické literatury, 1960.
Vydanie:1. vyd.
ISBN: (brož.)
Fyzický popis: 190 s.
Tagy: Pridať tag
Žiadne tagy, Buďte prvý kto otaguje tento záznam!

MARC

LEADER 00000nam a22000004a 4500
001 000577607
005 20180417164922.0
008 180410s1960 xr e 000 0 cze d
020 |a (brož.)  |c Kčs 6,00 
040 |a SVKKK  |b slo  |c SVKKK  |e AACR2 
041 0 |a cze 
044 |a xr  |c CZ 
245 0 0 |a Příspěvky k dějinám KSČ.  |n 10/1960. 
250 |a 1. vyd. 
260 |a Praha :  |b Státní nakladatelství politické literatury,  |c 1960. 
300 |a 190 s. 
910 |a svkkk 
998 |a BK 
090 |g SCKHL  |k Sklad Pribinova 2. posch.  |a III.37148  |j 260574  |i 2720378070  |4 Multiplikát  |s Vyradená 
090 |g SCKHL  |k Sklad Pribinova 2. posch.  |a III.80171  |j 193516  |i 2720364826  |s Prezenčne 
090 |g SCKHL  |k Sklad Pribinova 2. posch.  |a III.80244  |j 198167  |i 2720364839  |s Prezenčne